| 000 | 00620cam a2200193 a 4500 | ||
|---|---|---|---|
| 020 | _a9780896291829 (alk. paper) | ||
| 040 | _cDLC | ||
| 082 | 0 | 0 | _a338 INT 2011 C164 Or.1 |
| 245 | 0 | 0 | _aYield gaps and potential agricultural growth in West and Central Africa / |
| 260 |
_aWashington, D.C. : _bInternational Food Policy Research Institute, _cc2011. |
||
| 300 |
_axv, 140 p. : _bill. ; _c23 cm. |
||
| 490 | 1 | _aIFPRI research monograph | |
| 650 | 0 | _aAgriculture | |
| 650 | 0 | _aAgriculture | |
| 650 | 0 | _aAgricultural productivity | |
| 650 | 0 | _aAgricultural productivity | |
| 700 | 1 | _aNin-Pratt, Alejandro. | |
| 942 | _cEK | ||
| 999 |
_c19194 _d19194 |
||